000 00508nam a2200181Ia 4500
005 20250508152138.0
008 008 250505s9999 xx 000 0 eng d
037 _aTextual
040 _aFEDL
_beng
_cFEDL
041 _aeng
_2eng
084 _a374, RAY
_qFEDL
100 _aRaybould S G
_992748
245 0 _aAdult education at a tropical university
260 _aLondon, UK
_bLongmans, Green and Co.
_c1957
300 _aix,114p.
942 _cTEXL
_h374, RAY
999 _c1334559
_d1334559